000 00761nam a2200229Ii 4500
003 JO-AjNU
008 230605s9999||||xx |||||||||||||| ||und||
017 _a2115
020 _a977-7299-17-6
040 _aJO-AjNU
_bara
_erda
_cJO-AjNU
041 _aara
050 1 4 _aHD6971.A2.1982
100 3 _aحسن،عبدالباسط محمد,
_eauthor
_919767
245 0 0 _aعلم الاجتماع الصناعي
250 _aط3
264 3 1 _aالقاهرة:دار غريب للطباعة والنشر والتوزيع،1982
300 _a447ص
_bببليوجرافية : ص. 441-447.
336 _atext
_btxt
_2rdacontent
337 _aunmediated
_bn
_2rdamedia
338 _avolume
_bnc
_2rdacarrier
650 4 _aعلم الاجتماع الصناعي
_919768
999 _aA6581
_c10149
_d10149